Images for Every Subcategory: Movies Quiz Stats

 Plays Quiz Updated Mar 6, 2019

Score 0/18 Timer 08:00
1 Play Today
Question Answer Wrong Answers
Pixar
Which of these Pixar animated films
is NOT part of a series?
Ratatouille
93.1%
Cars
1.5%
Toy Story
0.7%
Monsters Inc.
2%
Horror Movies
Which of these characters is the villain of the
A Nightmare on Elm Street series?
Freddy Krueger
90.9%
Michael Myers
1.7%
Jason Voorhees
4.9%
Pinhead
1.2%
Movie Quotes
Which of these characters famously implores us to
'say hello to [his] little friend '?
Tony Montana
81.4%
Terminator
6.8%
John McClane
3.4%
Dirty Harry
6.7%
Role
Which of these characters in The Princess Bride
is Inigo Montoya?
Inigo Montoya
79.1%
Vizzini
4.7%
Westley
8.2%
Fezzik
5.3%
Best Picture
Which of these films was the first Best Picture winner at the Academy Awards to be directed by a woman?
The Hurt Locker
66.2%
Chicago
9.2%
Driving Miss Daisy
12.9%
Moonlight
11.3%
Disney
Which of these images is from the FIRST Disney
animated feature film?
Snow White and the Seven Dwarfs
64.4%
Dumbo
7.3%
Fantasia
24.1%
Cinderella
3.1%
Star Wars
Which of these characters has appeared in all eight of the main
Star Wars films?
C3PO
62.9%
Yoda
10.3%
Chewbacca
20.6%
Obi-Wan Kenobi
3.3%
Oscar
Which of these films did NOT win ALL of the 'Big Five' Academy Awards (Best Picture/Director/Actor/Actress/Screenplay)?
Rocky
61.4%
Silence of the Lambs
15.1%
It Happened One Night
7.5%
One Flew over the Cuckoo's Nest
13.4%
Box Office
Which of these movies is the highest grossing of all-time in the United States when adjusted for inflation?
Gone with the Wind
59.4%
The Sound of Music
13.2%
Jaws
10.9%
The Wizard of Oz
15.9%
Director
Which of these movies was NOT directed
by Martin Scorsese?
The Godfather
58.8%
Taxi Driver
13.9%
Raging Bull
11.7%
Goodfellas
14.7%
Marvel Cinematic Universe
Which of these people has been BOTH an actor and director in the MCU?
Jon Favreau
57.7%
Kenneth Branagh
13.3%
Steven Spielberg
8%
Ben Affleck
19.5%
Nominee
Which of these people is the only person besides Walt Disney with at least fifty Academy Award nominations?
John Williams
57.2%
Alfred Hitchcock
13.3%
Woody Allen
6.1%
Steven Spielberg
21.1%
James Bond
Which of these actors portrayed James Bond
in Live and Let Die ?
Roger Moore
49.7%
Sean Connery
17.2%
Timothy Dalton
12.4%
Pierce Brosnan
19.4%
Movie Resume
Which of these films features Will Ferrell, Vince Vaughn,
Owen Wilson and Ben Stiller together?
Zoolander
42.9%
Meet the Parents
4.1%
Old School
22.5%
Dodgeball
28.7%
Movie Characters
Which of these actors (seen portraying a different character) has NOT played Count Dracula in at least one film?
Ralph Fiennes
42%
Gary Oldman
9.6%
Adam Sandler
41%
Christopher Lee
5.9%
Actress
Which of these actresses has the most Academy Award wins for
Best Actress (at four)?
Katharine Hepburn
38%
Meryl Streep
49.2%
Judi Dench
6.9%
Bette Davis
5.7%
Actor
Which of these actors has the highest total combined US box office for the films in which he has appeared?
Samuel L. Jackson
34.6%
Tom Cruise
28.2%
Tom Hanks
26.5%
Johnny Depp
10.7%
Movie Titles
Which of these classic 1980s movies used a cover name 'A Boy's Life ' to keep the plot secret while filming?
E.T. the Extra-Terrestrial
34.1%
Big
47.4%
Goonies
6.9%
The Karate Kid
9.5%

You're not logged in!

Compare scores with friends on all Sporcle quizzes.
OR
Log In

Sporcle TV

Today on Sporcle TV


Watch our educational content, quiz creation guides, and fun videos on Sporcle TV.

Show Comments

Extras

Top Quizzes Today


Score Distribution

Your Account Isn't Verified!

In order to create a playlist on Sporcle, you need to verify the email address you used during registration. Go to your Sporcle Settings to finish the process.

Report this User

Report this user for behavior that violates our Community Guidelines.

Details: